[Event "PAR-ch U18"]
[Site "Asuncion"]
[Date "2018.03.11"]
[Round "6.6"]
[White "Aguero Centurion, Abel Alejandro"]
[Black "Frutos Moreno, Carlos Manuel"]
[Result "1-0"]
[WhiteElo "1974"]
[BlackElo "1199"]
[PlyCount "35"]
[EventDate "2018.03.09"]
[EventType "swiss"]
[EventRounds "7"]
[EventCountry "PAR"]
[SourceTitle "EXT 2023"]
[Source "ChessBase"]
[SourceDate "2022.10.05"]
[SourceVersion "1"]
[SourceVersionDate "2022.10.05"]
[SourceQuality "1"]

1. e4 d5 2. exd5 Qxd5 3. Nc3 Qa5 4. Bc4 Bf5 5. Nf3 e6 6. 0-0 Nf6 7. d4 Nbd7 8. Re1 Bb4 9. Bd2 c6 10. a3 Bxc3 11. Bxc3 Qc7 12. d5 Nxd5 13. Bxd5 cxd5 14. Qxd5 0-0 15. Qd4 Nf6 16. Qh4 Bg4 17. Bxf6 Bxf3 18. Qg5 1-0

[Event "PAR-ch U18"]
[Site "Asuncion"]
[Date "2018.03.10"]
[Round "3.2"]
[White "Aguero Centurion, Abel Alejandro"]
[Black "Benitez Galeano, Alejandro"]
[Result "0-1"]
[WhiteElo "1974"]
[BlackElo "2142"]
[PlyCount "174"]
[EventDate "2018.03.09"]
[EventType "swiss"]
[EventRounds "7"]
[EventCountry "PAR"]
[SourceTitle "EXT 2023"]
[Source "ChessBase"]
[SourceDate "2022.10.05"]
[SourceVersion "1"]
[SourceVersionDate "2022.10.05"]
[SourceQuality "1"]

1. d4 Nf6 2. c4 g6 3. f3 c5 4. d5 e6 5. e4 exd5 6. cxd5 d6 7. Be3 Bg7 8. Nc3 0-0 9. Qd2 Na6 10. Nge2 Rb8 11. Nb5 Ra8 12. Nec3 Ne8 13. a4 Nb4 14. Be2 a6 15. Na3 f5 16. 0-0 Rb8 17. Rab1 Bd7 18. Nc4 Qf6 19. a5 f4 20. Bf2 Qe7 21. Rfe1 Be5 22. Nb6 Nf6 23. Bf1 g5 24. g3 Rbe8 25. Ne2 Nh5 26. g4 Nf6 27. Nxd7 Nxd7 28. Nd4 Bxd4 29. Bxd4 Ne5 30. Bxe5 Qxe5 31. Qc3 Kg7 32. Re2 Kf6 33. Rg2 Rg8 34. Rd1 h6 35. Kf2 Rb8 36. Bc4 Qxc3 37. bxc3 Nc2 38. Rd3 Ne3 39. Rxe3 fxe3+ 40. Kxe3 Ke5 41. Rb2 Kf6 42. Rb6 Rgd8 43. h4 gxh4 44. f4 Ke7 45. e5 h3 46. Rb2 Rg8 47. Kf3 dxe5 48. fxe5 Rg5 49. d6+ Kd7 50. Kf4 h2 51. Rxh2 Rf8+ 52. Ke4 Re8 53. Rxh6 Rgxe5+ 54. Kd3 Rd8 55. Bb3 Rg5 56. Ba4+ Kc8 57. Bb3 Kb8 58. Kc4 Rf8 59. Bd1 Rf4+ 60. Kd3 Rd5+ 61. Ke3 Rc4 62. Bf3 Rxc3+ 63. Ke2 Re5+ 64. Kf2 Rd3 65. Rh8+ Ka7 66. Rh7 Ree3 67. Bxb7 Rh3 68. Rd7 Kb8 69. Bg2 Rh6 70. Rb7+ Kc8 71. Rc7+ Kd8 72. Rxc5 Rd2+ 73. Kf1 Rhxd6 74. Be4 Ra2 75. Rc1 Rxa5 76. Bf5 Rd2 77. Ke1 Rb2 78. Kd1 Rd5+ 79. Ke1 Rdd2 80. Rd1 Rxd1+ 81. Kxd1 a5 82. Kc1 Rb4 83. Kc2 Ke7 84. Kc3 Kf6 85. Bd7 Kg5 86. Be6 Kf4 87. Bd7 Rb7 0-1

[Event "PAR-ch U18"]
[Site "Asuncion"]
[Date "2018.03.10"]
[Round "2.3"]
[White "Carreras Colman, Luz Gabriela"]
[Black "Aguero Centurion, Abel Alejandro"]
[Result "0-1"]
[WhiteElo "1434"]
[BlackElo "1974"]
[PlyCount "84"]
[EventDate "2018.03.09"]
[EventType "swiss"]
[EventRounds "7"]
[EventCountry "PAR"]
[SourceTitle "EXT 2023"]
[Source "ChessBase"]
[SourceDate "2022.10.05"]
[SourceVersion "1"]
[SourceVersionDate "2022.10.05"]
[SourceQuality "1"]

1. d4 Nf6 2. Nf3 c5 3. c3 cxd4 4. cxd4 d5 5. Bf4 Nc6 6. e3 Bf5 7. Bd3 Bxd3 8. Qxd3 e6 9. a3 Be7 10. h3 0-0 11. 0-0 Rc8 12. Nc3 Na5 13. Qd1 Nc4 14. Qb3 b6 15. Rac1 a6 16. Rfd1 b5 17. Ne5 Nxe5 18. Bxe5 Nd7 19. Bg3 Nb6 20. Ne2 Rc4 21. Rxc4 bxc4 22. Qc2 Bd6 23. Bxd6 Qxd6 24. Nc3 f5 25. f4 Rb8 26. Na4 Kf7 27. Nc5 Nd7 28. Nxd7 Qxd7 29. Qe2 Rb3 30. Rc1 g6 31. g4 Qb5 32. Rc2 Rd3 33. Kf2 Qb3 34. Rd2 Ke7 35. g5 Rxd2 36. Qxd2 Kd7 37. Ke2 Kc6 38. Qc3 Qxc3 39. bxc3 Kb5 40. Kd2 Ka4 41. Kc2 Kxa3 42. h4 a5 0-1

[Event "Asuncion Bobby Fischer U2000"]
[Site "Asuncion"]
[Date "2018.02.18"]
[Round "6.2"]
[White "Aguero Centurion, Abel Alejandro"]
[Black "Ocampos, Martin Carlos"]
[Result "1-0"]
[WhiteElo "1974"]
[BlackElo "1748"]
[PlyCount "85"]
[EventDate "2018.02.15"]
[EventType "swiss"]
[EventRounds "7"]
[EventCountry "PAR"]
[SourceTitle "EXT 2023"]
[Source "ChessBase"]
[SourceDate "2022.10.05"]
[SourceVersion "1"]
[SourceVersionDate "2022.10.05"]
[SourceQuality "1"]

1. d4 Nf6 2. Nf3 e6 3. Bf4 c5 4. e3 d5 5. Nbd2 Nc6 6. c3 Bd6 7. dxc5 Bxc5 8. Bd3 Bd6 9. Bxd6 Qxd6 10. 0-0 0-0 11. Re1 Rd8 12. e4 dxe4 13. Bxe4 Qf4 14. Qc2 Qh6 15. Rad1 Bd7 16. Nc4 Be8 17. Nd6 Rab8 18. b4 Qf4 19. Nxe8 Rxe8 20. Bxc6 bxc6 21. Ne5 Rbc8 22. Rd4 Qf5 23. Qa4 Nd5 24. Rd3 Nf4 25. Rf3 Ne2+ 26. Kf1 Qxe5 27. Rxe2 Qxh2 28. Rh3 Qf4 29. Qc2 Qf5 30. Qxf5 exf5 31. Rd3 Rxe2 32. Kxe2 Kf8 33. Rd7 a5 34. a3 axb4 35. axb4 Rb8 36. Rc7 Rb6 37. Kd3 g5 38. Kc4 f4 39. Kc5 f3 40. gxf3 Ra6 41. Rxc6 Rxc6+ 42. Kxc6 h5 43. b5 1-0

[Event "Asuncion Bobby Fischer U2000"]
[Site "Asuncion"]
[Date "2018.02.15"]
[Round "1.2"]
[White "Nunez, Pablo"]
[Black "Aguero Centurion, Abel Alejandro"]
[Result "0-1"]
[WhiteElo "1236"]
[BlackElo "1974"]
[PlyCount "90"]
[EventDate "2018.02.15"]
[EventType "swiss"]
[EventRounds "7"]
[EventCountry "PAR"]
[SourceTitle "EXT 2023"]
[Source "ChessBase"]
[SourceDate "2022.10.05"]
[SourceVersion "1"]
[SourceVersionDate "2022.10.05"]
[SourceQuality "1"]

1. Nf3 Nf6 2. g3 d5 3. Bg2 Bf5 4. d3 h6 5. Nbd2 e6 6. 0-0 Be7 7. b3 0-0 8. Bb2 c5 9. c4 Nc6 10. cxd5 exd5 11. Rc1 Rc8 12. Ne5 Nb4 13. a3 Na6 14. h3 Nc7 15. Kh2 Bd6 16. f4 b5 17. Nc6 Qd7 18. Bxf6 Qxc6 19. Bb2 f6 20. e4 Be6 21. Qh5 Qe8 22. Qd1 d4 23. Nf3 Qf7 24. Nd2 Rfd8 25. e5 Bf8 26. f5 Bd5 27. e6 Qe7 28. Ne4 Bxe4 29. Bxe4 Nd5 30. Bxd5 Rxd5 31. Qf3 Rdd8 32. Qg4 a5 33. Rc2 a4 34. bxa4 c4 35. Rfc1 c3 36. Ba1 bxa4 37. Ra2 Rb8 38. Qd1 Rb3 39. Rf2 Rxa3 40. Rf4 Ra2+ 41. Kg1 Qb7 42. Re4 Ba3 43. Qxa4 Qb8 44. Rf4 Qe5 45. Qc4 Qe3+ 0-1

[Event "Asuncion Clasificatorio op 6th"]
[Site "Asuncion"]
[Date "2017.08.06"]
[Round "5.1"]
[White "Aguero Centurion, Abel Alejandro"]
[Black "Bergonzi, Osvaldo"]
[Result "1-0"]
[WhiteElo "1842"]
[BlackElo "1963"]
[PlyCount "45"]
[EventDate "2017.08.04"]
[EventType "swiss"]
[EventRounds "7"]
[EventCountry "PAR"]
[SourceTitle "EXT 2023"]
[Source "ChessBase"]
[SourceDate "2022.10.05"]
[SourceVersion "1"]
[SourceVersionDate "2022.10.05"]
[SourceQuality "1"]

1. d4 Nf6 2. Nf3 e6 3. Bf4 c5 4. e3 b6 5. Nc3 Be7 6. d5 d6 7. Bb5+ Kf8 8. a4 e5 9. Bg3 a6 10. Bc4 Bg4 11. e4 Nh5 12. h3 Nxg3 13. fxg3 Bh5 14. 0-0 Bg5 15. Qe1 Kg8 16. g4 Bg6 17. h4 Bf4 18. g3 Qd7 19. Nh2 Bh6 20. h5 Bxh5 21. gxh5 Qh3 22. Rf5 g6 23. Bf1 1-0

[Event "Asuncion Clasificatorio op 6th"]
[Site "Asuncion"]
[Date "2017.08.06"]
[Round "6.1"]
[White "Heinechen, John"]
[Black "Aguero Centurion, Abel Alejandro"]
[Result "1-0"]
[WhiteElo "1982"]
[BlackElo "1842"]
[PlyCount "49"]
[EventDate "2017.08.04"]
[EventType "swiss"]
[EventRounds "7"]
[EventCountry "PAR"]
[SourceTitle "EXT 2023"]
[Source "ChessBase"]
[SourceDate "2022.10.05"]
[SourceVersion "1"]
[SourceVersionDate "2022.10.05"]
[SourceQuality "1"]

1. e4 c6 2. d4 d5 3. Nc3 dxe4 4. Nxe4 Nf6 5. Ng3 h5 6. h4 e5 7. Qe2 Bd6 8. dxe5 Qa5+ 9. c3 Qxe5 10. Be3 Bg4 11. Nf3 Qe7 12. 0-0-0 0-0 13. Bg5 Qxe2 14. Nxe2 Ne4 15. Be3 Na6 16. Ng5 Nxg5 17. hxg5 Rac8 18. f3 Bf5 19. Rxh5 Rfe8 20. Bd2 Bg6 21. Rh4 Be7 22. f4 Nc5 23. Nd4 Ne4 24. Bc4 Nxd2 25. Rdh1 1-0